• 首页
  • 本馆介绍
  • 公告通知
  • 最新文献
  • 馆藏检索
  • 电子资源
  • 读者导购
  • 参考咨询
  • 我的图书馆
  • 登录
  • 详细信息显示
  • 放入我的书架
  • 预约/预借图书
  • 作者相关作品
  • 分类相关作品
  • 丛书相关作品
  • 出版社相关作品

书目信息

  • 表格格式
  • 工作单格式
  • 卡片格式
题名:
英语读写教程
    
 
作者: 朱次榴 主编
分册: 4  
出版信息: 北京   高等教育出版社  1990.4
页数: 338页
开本: 20厘米
丛书名:
单 册:
中图分类: H31
科图分类: 41.68
主题词: 英语--师范大学--教材
电子资源:
ISBN: 7-04-002947-2
000 00890nam0 2200253 45
001 0190012879
005 20070606100046.85
010    @a7-04-002947-2@dCNY10.60
100    @a19921222d1990 em y0chiy0121 ea
101 2  @achi@aeng
102    @aCN@b110000
105    @ay j 000yy
200 10 @a英语读写教程@AYING YU DU XIE JIAO CHENG@h4@e学生用书@EXUE SHENG YONG SHU@d=ROADS AND WAYS TO BETTER ENGLISH@h4@zeng@f朱次榴主编@FZHU CI LIU ZHU BIAN
210    @a北京@c高等教育出版社@d1990.4@h1998
215    @a338页@d20厘米
300    @a高等师范院校英语专业教材
510 1  @aRoads and ways to better English@zeng
540 1  @a英语 读写 教程 4 学生 用书@AYING YU DU XIE JIAO CHENG 4 XUE SHENG YONG SHU
606    @a英语@x师范大学@x教材
690    @aH31@v三版
692    @a41.68
701  0 @a朱次榴@AZHU CI LIU@4主编
801  0 @aCN@bTSSF@c20070606
905    @a10447@dH31@e1029:4
    
    英语读写教程.4:学生用书=ROADS AND WAYS TO BETTER ENGLISH.4/朱次榴主编.-北京:高等教育出版社,1990.4(1998)
    338页;20厘米
    高等师范院校英语专业教材
    
    ISBN 7-04-002947-2:CNY10.60
    
●
相关链接 在E读中查询图书 在五车中查询图书 在当当中查询图书 在豆瓣中查询图书


正题名:英语读写教程     索取号:H31/1029:4         预约/预借

序号 登录号 条形码 馆藏地/架位号 状态 备注
1 0407365   204073652   第二样本阅览室/ [索取号:H31/1029:4] 在馆    
2 0407366   204073661   密集书库/ [索取号:H31/1029:4] 在馆    
3 0407367   204073670   密集书库/ [索取号:H31/1029:4] 在馆    
4 0407368   204073689   密集书库/ [索取号:H31/1029:4] 在馆    
5 0407369   204073698   密集书库/ [索取号:H31/1029:4] 在馆    
6 0407370   204073705   密集书库/ [索取号:H31/1029:4] 在馆    
7 0407371   204073714   密集书库/ [索取号:H31/1029:4] 在馆    
唐山师范学院图书馆 欢迎您!
大连网信软件有限公司© 版权所有